MEANDROVÁ CHODBA V JASKYNI DOMICA

Bibliographic Details
Main Authors: Bella, Pavel, 1962- (Author), Holúbek, Peter, 1966- (Author)
Format: Article
Language:Slovak

MARC

LEADER 00000nab a2200000ua 4500
001 vtls010755592
003 SK-MaSNL
005 20260304202116.0
008 250718s2001 xo |||||||||||||||||slo|
035 |a (urnnbn)urn:nbn:sk:snk:ar-a01iyg 
035 |a (uuid)1f87078f-9917-4cb7-aece-8362ce6c6229 
035 |a urn:nbn:sk:snk-ab4ekk 
040 |a SNKBUCL  |b slo  |c SNKBUCL  |e AACR2 
041 0 |a slo 
044 |a xo  |c SK 
100 1 |a Bella, Pavel,  |d 1962-  |4 aut  |9 251968 
245 1 0 |a MEANDROVÁ CHODBA V JASKYNI DOMICA  |c Pavel Bella, Peter Holúbek 
700 1 |a Holúbek, Peter,  |d 1966-  |4 aut  |9 191766 
773 0 |t Aragonit : časopis Správy slovenských jaskýň  |g Roč. 6, č. 6 (2001), s. 11-15 
850 |a Slovenská národná knižnica 
852 |a Slovenská národná knižnica 
954 |a odborná, vedecká literatúra pôvodná (slovenská)  |2 lita 
958 |a article3 
958 |a OND 
958 |a EUIPO 
999 |c 3100577  |d 3102507